| 000 | 00620nam a2200205Ia 4500 | ||
|---|---|---|---|
| 003 | GCL | ||
| 008 | 140319s9999 xx 000 0 ara d | ||
| 040 |
_aGCL / _cGCL |
||
| 082 | 0 | 4 |
_a601 _bر غ |
| 100 | 1 | _aرجب سعد السيد | |
| 245 | 1 | 0 |
_aغدا القرن ال 21 / _cرجب سعد السيد |
| 300 | _a167 ص | ||
| 490 |
_aسلسلة مكتبة الاسرة _v0 |
||
| 650 | 0 | 4 | _aالعلم والحضارة |
| 650 | 0 | 4 | _aالقرن الحادى والعشرين |
| 650 | 0 | 4 | _aالمستقبل |
| 650 | 0 | 4 | _aالعلم والحياة |
| 650 | 0 | 4 | _aالعلم والتكنولوجيا |
| 942 |
_2ddc _cBK |
||
| 999 |
_c50346 _d50346 |
||